LEADER 01302nam a2200313 i 4500 001 991000808829707536 008 091005s2007 enka b 001 0 eng d 020 $a0521655722 035 $ab13915046-39ule_inst 040 $aDip.to Ingegneria dell'Innovazione$beng 082 0 $a543$222 245 00$aAnalytical chemistry in archaeology /$cA. M. Pollard ... [et al.] 260 $aCambridge :$bCambridge University Press,$c2007 300 $axiv, 404 p. :$bill. ;$c26 cm 440 0$aCambridge manuals in archaeology 504 $aIncludes bibliographical references and index 650 4$aArchaeological chemistry 650 4$aChemistry, Analytic 700 1 $aYoung, S. M. M. 700 1 $aStern, B. 700 1 $aBatt, C. M. 700 1 $aPollard, A. Mark$eauthor$4http://id.loc.gov/vocabulary/relators/aut$0530236 856 41$zTable of contents only$uhttp://catdir.loc.gov/catdir/enhancements/fy0729/2007274546-t.html 907 $a.b13915046$b28-01-14$c26-07-10 912 $a991000808829707536 945 $aLE026 543 POL 01.01 2007$g1$i2026000056845$lle026$nProf. Valli / Biblioteca$op$pE30.34$q-$rl$s- $t4$u2$v0$w2$x0$y.i15156497$z26-07-10 996 $aAnalytical chemistry in archaeology$93370279 997 $aUNISALENTO 998 $ale026$b05-10-09$cm$da $e-$feng$genk$h0$i0 LEADER 00650nam a2200193 i 4500 001 991004311136907536 005 20250709162102.0 008 240307s1966 it r 001 0 ita d 040 $aBibl. Interfacoltà T. Pellegrino$bita$cSocioculturale Scs 041 0 $aita 082 04$a945.73$223 100 1 $aCapecelatro Gaudioso, Domenico$0192359 245 10$aNapoli dell'Ottocento /$cDomenico Capecelatro Gaudioso 260 $aNapoli :$bEdizioni Glaux,$c1966 300 $a217 p., [2] carte di tav. :$bill. ;$c21 cm 651 4$aNapoli$xUsi e costumi$xSec. 19. 912 $a991004311136907536 996 $aNapoli dell'Ottocento$9727929 997 $aUNISALENTO